Online Catalogue and eLibrary

Malgudi dawas (Record no. 5178)

MARC details
000 -LEADER
fixed length control field 00378nam a2200157Ia 4500
005 - DATE AND TIME OF LATEST TRANSACTION
control field 20250411063026.0
008 - FIXED-LENGTH DATA ELEMENTS--GENERAL INFORMATION
fixed length control field 240331s9999 xx 000 0 und d
020 ## - INTERNATIONAL STANDARD BOOK NUMBER
ISBN 9552005957
082 ## - DDC Classification
Item Number - Author Mark NAR
Class No. 891
100 ## - MAIN ENTRY--PERSONAL NAME
Personal name Narayan,R.K
245 #0 - TITLE STATEMENT
Title Malgudi dawas
260 ## - PUBLICATION, DISTRIBUTION, ETC.
Place of publication, distribution, etc. Colombo
Name of publisher, distributor, etc. Godake & Sons
Date of publication, distribution, etc. 1991
300 ## - PHYSICAL DESCRIPTION
Extent (e.g. Volumes, Pages etc.) 176 p .,
500 ## - GENERAL NOTE
General note Translation Of mulgudy adays
942 ## - Koha item type (Biblio)
Koha item type Books in Stacks (Lending)
Holdings
Lost status Damaged status Collection code Home library Current library Shelving location Date acquired Full call number Accession Number Item type
    Lending WERC Library WERC Library Social Science Cupboard 03/31/2024 800 NAR 1403 Books in Stacks (Lending)

© WERC Library